Managing due diligence (Record no. 74301)
[ view plain ]
| 000 -LEADER | |
|---|---|
| fixed length control field | 01118cab a2200229 4500 |
| 001 - CONTROL NUMBER | |
| control field | ABS67618 |
| 008 - FIXED-LENGTH DATA ELEMENTS--GENERAL INFORMATION | |
| fixed length control field | 040325n2004 000 0 eng u |
| 035 ## - SYSTEM CONTROL NUMBER | |
| System control number | (Sirsi) u125587 |
| 100 ## - MAIN ENTRY--PERSONAL NAME | |
| Personal name | Woolston, H. |
| 245 ## - TITLE STATEMENT | |
| Title | Managing due diligence |
| 260 ## - PUBLICATION, DISTRIBUTION, ETC. | |
| Date of publication, distribution, etc. | 2004 |
| 490 ## - SERIES STATEMENT | |
| Series statement | Environment Information Bulletin |
| Volume/sequential designation | (136) March 2004, 12-16(4) |
| 520 ## - SUMMARY, ETC. | |
| Summary, etc. | Increasingly environmental managers are being asked to carry out Environmental Due Diligence (EDD) exercises, particularly within a tight time-frame. Provides an introduction to EDD to help practitioners better understand their role and responsibilities in the process. EDD is an assessment of an area for potential environmental risks associated with a corporate or property transaction and is normally part of a wider due diligence process into the legal and commercial issues. |
| 590 ## - LOCAL NOTE (RLIN) | |
| Local note | ABS |
| 650 ## - SUBJECT ADDED ENTRY--TOPICAL TERM | |
| Topical term or geographic name entry element | ENVIRONMENTAL DUE DILIGENCE |
| 650 ## - SUBJECT ADDED ENTRY--TOPICAL TERM | |
| Topical term or geographic name entry element | DUE DILIGENCE |
| 650 ## - SUBJECT ADDED ENTRY--TOPICAL TERM | |
| Topical term or geographic name entry element | ENVIRONMENTAL ISSUES |
| 650 ## - SUBJECT ADDED ENTRY--TOPICAL TERM | |
| Topical term or geographic name entry element | PROPERTY TRANSACTIONS |
| 650 ## - SUBJECT ADDED ENTRY--TOPICAL TERM | |
| Topical term or geographic name entry element | RISK MANAGEMENT |
| 690 ## - LOCAL SUBJECT ADDED ENTRY--TOPICAL TERM (OCLC, RLIN) | |
| Topical term or geographic name as entry element | ENVIRONMENTAL AND LAND CONSULTANCY-ENVIRONMENTAL MANAGEMENT |
| 942 ## - ADDED ENTRY ELEMENTS (KOHA) | |
| Suppress in OPAC | 0 |
| Withdrawn status | Lost status | Source of classification or shelving scheme | Damaged status | Not for loan | Home library | Current library | Shelving location | Date acquired | Total Checkouts | Full call number | Barcode | Date last seen | Copy number | Price effective from | Koha item type |
|---|---|---|---|---|---|---|---|---|---|---|---|---|---|---|---|
| Dewey Decimal Classification | London | London | Journal article | 25/03/2004 | ABS67618 | 125587-1001 | 06/08/2019 | 1 | 06/08/2019 | Journal article |